When Harry Met Book Titles Quiz Stats

 Plays Quiz Updated May 23, 2019

Score 0/20 Timer 05:00
0 Plays Today
Title Novel % Correct
Frodo Baggins and the Inconvenient JewelryThe Lord of the Rings
91.9%
Captain Ahab and the White WhaleMoby-Dick or, The Whale
91.5%
Atticus Finch and the Racial InjusticeTo Kill a Mockingbird
87.6%
Scarlett O'Hara and the Civil WarGone with the Wind
84%
Daisy Buchanan and the Jazz AgeThe Great Gatsby
80.5%
Elizabeth Bennett and the Pompous HunkPride and Prejudice
76.9%
Holden Caulfield and the Teenage RebellionThe Catcher in the Rye
72.4%
Jim Hawkins and the One-Legged PirateTreasure Island
71.8%
Inspector Javert and the Pesky ConvictLes Misérables
70.3%
Hester Prynne and the Illicit AffairThe Scarlet Letter
68.6%
Title Novel % Correct
Sherlock Holmes and the Fluorescent DogThe Hound of the Baskervilles
63.5%
Captain Nemo and the Thirst For KnowledgeTwenty Thousand Leagues Under the Sea
63.1%
Jonathan Harker and the Creepy RomanianDracula
55.9%
Catherine Earnshaw and the Brooding AntiheroWuthering Heights
53.7%
Edward Rochester and the Arsonist WifeJane Eyre
52.1%
Philip Pirrip and the Violent ConvictGreat Expectations
43.7%
Pierre Bezukhov and the French InvasionWar and Peace
40%
Milo Minderbinder and the Circular ReasoningCatch-22
33.3%
Billy Pilgrim and the Time WarpSlaughterhouse-Five
33%
Jake Barnes and the Pamplona PilgrimageThe Sun Also Rises
24.1%

You're not logged in!

Compare scores with friends on all Sporcle quizzes.
OR
Log In

Sporcle TV

Today on Sporcle TV


Watch our educational content, quiz creation guides, and fun videos on Sporcle TV.

Show Comments

Extras

Top Quizzes Today


Score Distribution

Your Account Isn't Verified!

In order to create a playlist on Sporcle, you need to verify the email address you used during registration. Go to your Sporcle Settings to finish the process.

Report this User

Report this user for behavior that violates our Community Guidelines.

Details: